| 000 | 01982nam a2200421 ia4500 | ||
|---|---|---|---|
| 003 | OSt | ||
| 005 | 20250225105543.0 | ||
| 008 | 250225t20242024mnuao b 001 0 eng d | ||
| 020 |
_a9781098291617 _cRM 157.41 _qhardback |
||
| 040 |
_aPPAK _beng _cPPAK _erda |
||
| 082 | 0 | 4 |
_223 _a551.078 |
| 090 | 0 | 0 |
_a551.078 _bOLS _dK |
| 100 | 1 |
_aOlson, Elsie, _d1986- _eauthor. |
|
| 245 | 1 | 0 |
_aGEOLOGY LAB : _bExplore Earth with Art & Activities / _cElsie Olson ; Editor: Megan Borgert-Spaniol ; Design: Tamara JM Peterson, Mighty Media, Inc. |
| 246 | 3 | 0 | _aExplore earth with art & activities |
| 246 | 3 | 0 | _aExplore earth with art and activities |
| 264 | 1 |
_aMinneapolis, Minnesota : _bAbdo Publishing, _c[2024] |
|
| 264 | 4 | _c©2024 | |
| 300 |
_a32 pages : _bcolour photographs ; _c20 cm |
||
| 336 |
_atext _2rdacontent |
||
| 337 |
_aunmediated _2rdamedia |
||
| 338 |
_avolume _2rdacarrier |
||
| 490 | 1 | _aSTEAM LAB | |
| 504 | _aIncludes bibliographical references and index. | ||
| 505 |
_tGeology lab -- _tLab prep -- _tEarth's layers -- _tDigging into earth's past -- _tExamining rocks -- _tMineralogy -- _tExploring volcanoes -- _tGeologists at work. |
||
| 520 | _aThis title tools, methods, discoveries, and careers in the Geology field. Accompanying the main text are activities from agate coasters to an underwater eruption. These crafts encourage readers to engage with what they learned, solidifying their new knowledge. Aligned to Common Core Standards and correlated to state standards. | ||
| 650 | 1 | 0 |
_aGeology _vJuvenile literature |
| 650 | 2 | 0 |
_aScience projects _vJuvenile literature |
| 650 | 2 | 0 |
_aEarth sciences _vJuvenile literature |
| 650 | 2 | 0 |
_aHandicraft _vJuvenile literature |
| 650 | 2 | 0 |
_aLife _vJuvenile literature |
| 655 | _aJuvenile works | ||
| 700 | 1 |
_aPeterson, Tamara JM, _eillustrator. |
|
| 700 | 1 |
_aBorgert-Spaniol, Megan, _eeditor. |
|
| 710 | 2 |
_aMighty Media, Inc., _eillustrator. |
|
| 830 | 0 | _aSTEAM lab | |
| 942 |
_2ddc _cB |
||
| 999 |
_c199035 _d199035 |
||